| LEADER | 00729cam a2200217 a 4500 | ||
|---|---|---|---|
| 001 | u148997 | ||
| 003 | SIRSI | ||
| 008 | 920324s1976 my t 00 1 eng m | ||
| 035 | |a AAR-4783 | ||
| 040 | |a UMM | ||
| 090 | |a QL737 |b I5Sam | ||
| 100 | 1 | 0 | |a Sam, Choon Kook. |
| 245 | 1 | 0 | |a Chromosomal and blood protein studies of the Malayan house Suncus murinus (Mammalia, Insectivora) / |c Sam Choon-kook. |
| 260 | |c 1976. | ||
| 300 | |a 67 leaves : |b illus. ; |c 29 cm. | ||
| 502 | |a Dissertation (M.Sc.) -- Fakulti Sains, Universiti Malaya, 1976. | ||
| 504 | |a Bibliography: leaves 54-67. | ||
| 650 | 0 | |a Shrews |x Genetics. | |
| 948 | |a 24/03/1992 |b 13/06/2002 | ||
| 596 | |a 1 | ||
| 999 | |a QL737 I5SAM |w LC |c 1 |i A002720694 |l STACKS |m P01UTAMA |r Y |s Y |t TESIS |u 31/3/1992 | ||
